| 000 | 00475cam a2200181 4500 | ||
|---|---|---|---|
| 001 | D13935 | ||
| 008 | 090401t1882 xxu||||| |||| 00| 0 eng d | ||
| 035 | _a(Sirsi) u94564 | ||
| 041 | _aeng | ||
| 100 | _aSmith, V.W. | ||
| 245 | 4 | _aThe law of landlord and tenant: being a course of lectures delivered at the law institution | |
| 250 | _a3rd | ||
| 260 |
_aLondon _bWilliam Maxwell & Son _c1882 |
||
| 350 | _a0 | ||
| 520 | _aShelf 135 | ||
| 942 | _n0 | ||
| 948 | _c04/03/1997 | ||
| 999 |
_c98081 _d98081 |
||